| 000 | ncm a22 a 4500 | ||
|---|---|---|---|
| 999 |
_c351725 _d351725 |
||
| 003 | BLK | ||
| 005 | 20200629201729.0 | ||
| 008 | 200325b bu ||||| |||| 00| 0 bu d | ||
| 040 | _aBLK | ||
| 041 |
_aBUL _cBUL |
||
| 080 |
_aКамерна вок. муз. Песни, балади, арии, романси _b784.3 _z784.3 |
||
| 080 |
_aМузика за пиано _b786.2 _x786.2 |
||
| 139 |
_aПесни за глас и пиано _bП 38 |
||
| 245 |
_aПесни за глас и пиано _bавторски ръкописи |
||
| 260 |
_9403799 _aСофия _bСъюз на българските композитори _c1985 |
||
| 300 |
_a252 с. _c31 см |
||
| 380 | _a7 | ||
| 490 |
_9403801 _aПанорама на българското музикално творчество |
||
| 500 | _aСъдържа 44 авторски песни от български композитори | ||
| 650 | 0 |
_9276897 _aВокална музика |
|
| 653 | 7 |
_9193730 _aпиано |
|
| 653 | 7 |
_9182704 _aбългарски песни |
|
| 852 | _aЦб М II 10315 | ||
| 942 |
_cNOT _n0 _s1 |
||
| 944 |
_c2020-04-06 _kРенета Константинова _aCR |
||
| 999 | _d351725 | ||
| 999 | _d351725 | ||
| 999 | _d351539 | ||